Louisiana schools.

Bibliographic Details
New Title:LAE journal (Louisiana Association of Educators)
Previous Title:Journal of the Louisiana Teachers' Association
Corporate Authors: Louisiana Teachers' Association, Louisiana Education Association
Format: Journal
Language:English
Published: Baton Rouge : [Louisiana Education Association], [1932-1977]
Subjects:
Online Availability: Check for online availability

MARC

Tag First Indicator Second Indicator Subfields
LEADER 00000cas a2200000Ia 4500
001 in00000195083
005 20190214094413.0
008 760712d19321977lauqr p 0 a0eng d
035 |a (OCoLC)ocm02325876 
035 |9 AAW3708AM 
040 |a PAU  |b eng  |c PAU  |d HUL  |d NSD  |d NYG  |d DLC  |d OCL  |d OCLCQ  |d OCLCF  |d OCLCO  |d OCLCA  |d OCLCQ 
022 |a 0024-6905 
035 |a (OCoLC)2325876 
043 |a n-us-la 
050 4 |a L11  |b .L68 
082 0 4 |a 370.5  |b qL888 
090 |a L11  |b .L6 
049 |a TXAM 
245 0 0 |a Louisiana schools. 
264 1 |a Baton Rouge :  |b [Louisiana Education Association],  |c [1932-1977] 
300 |a volumes :  |b illustrations ;  |c 28 cm 
310 |a Quarterly,  |b 19 -1977 
321 |a Monthly (except June-Aug.),  |b 1932-19 
336 |a text  |b txt  |2 rdacontent 
337 |a unmediated  |b n  |2 rdamedia 
338 |a volume  |b nc  |2 rdacarrier 
362 1 |a Began with: Vol. 10, no. 1 (Sept. 1932). 
362 1 |a Ceased in 1977. 
500 |a Volumes for Sept. 1932-<May 1948> called the Journal of the Louisiana Teachers' Association; Sept. 1948-19<77> called the Journal of the Louisiana Education Association. 
500 |a Title from cover. 
550 |a Imprint varies: published earlier by the Louisiana Teachers' Association. 
650 0 |a Education  |v Periodicals. 
650 0 |a Education  |z Louisiana  |v Periodicals. 
650 7 |a Education.  |2 fast  |0 (OCoLC)fst00902499 
651 7 |a Louisiana.  |2 fast  |0 (OCoLC)fst01207035 
655 7 |a Periodicals.  |2 fast  |0 (OCoLC)fst01411641 
710 2 |a Louisiana Teachers' Association. 
710 2 |a Louisiana Education Association. 
780 0 0 |t Journal of the Louisiana Teachers' Association  |w (DLC)sc 85001445  |w (OCoLC)5981250 
785 0 1 |t LAE journal (Louisiana Association of Educators)  |x 0162-3044  |w (OCoLC)3757405 
994 |a C0  |b TXA 
949 |a updated  |b h  |c 2019/2/14  |e coplinger  |f 9:42:47 am 
999 f f |s 786163a8-9f3e-3aa6-ba18-dc0367805e08  |i 21163441-7c13-33f6-9f9a-b9fa03f18b90  |t 0 
952 f f |p ric  |a Texas A&M University  |b Rellis Campus  |c Joint Library Facility  |d Remote Storage  |t 0  |e L11 .L6  |h Library of Congress classification  |i unmediated -- volume  |k v.55:no.1-2  |l 1977:Sept.-Nov.  |m A14850897464 
952 f f |p ric  |a Texas A&M University  |b Rellis Campus  |c Joint Library Facility  |d Remote Storage  |t 0  |e L11 .L6  |h Library of Congress classification  |i unmediated -- volume  |k v.49  |l 1971-1972  |m A14842285760 
952 f f |p ric  |a Texas A&M University  |b Rellis Campus  |c Joint Library Facility  |d Remote Storage  |t 0  |e L11 .L6  |h Library of Congress classification  |i unmediated -- volume  |k v.50  |l 1972-1973  |m A14842285588 
952 f f |p ric  |a Texas A&M University  |b Rellis Campus  |c Joint Library Facility  |d Remote Storage  |t 0  |e L11 .L6  |h Library of Congress classification  |i unmediated -- volume  |k v.51  |l 1973-1974  |m A14842285737 
952 f f |p ric  |a Texas A&M University  |b Rellis Campus  |c Joint Library Facility  |d Remote Storage  |t 0  |e L11 .L6  |h Library of Congress classification  |i unmediated -- volume  |k v.52  |l 1974-1975  |m A14842285745 
952 f f |p ric  |a Texas A&M University  |b Rellis Campus  |c Joint Library Facility  |d Remote Storage  |t 0  |e L11 .L6  |h Library of Congress classification  |i unmediated -- volume  |k v.48  |l 1970-1971  |m A14842285570 
952 f f |p ric  |a Texas A&M University  |b Rellis Campus  |c Joint Library Facility  |d Remote Storage  |t 0  |e L11 .L6  |h Library of Congress classification  |i unmediated -- volume  |k v.53-54  |l 1975-1977  |m A14842285752 
998 f f |a L11 .L6  |s v.55:no.1-2 (1977:Sept.-Nov.)  |t 0  |l Remote Storage